[Event "Velez Rapid op 10th"]
[Site "Velez Santander"]
[Date "2023.11.06"]
[Round "1"]
[White "Sanchez Soba, Omar Jose"]
[Black "Palencia Morales, Wilson Guillermo"]
[Result "1/2-1/2"]
[WhiteElo "1386"]
[BlackElo "2158"]
[PlyCount "97"]
[EventDate "2023.11.06"]
[EventType "swiss (rapid)"]
[EventRounds "10"]
[EventCountry "COL"]
[SourceTitle "Mega2024 Update 01"]
[Source "Chessbase"]
[SourceDate "2023.11.12"]
[SourceVersion "1"]
[SourceVersionDate "2023.11.12"]
[SourceQuality "1"]

1. e4 c5 2. Nf3 Nc6 3. c4 d6 4. Nc3 e5 5. d3 f5 6. exf5 Bxf5 7. Be2 Nf6 8. 0-0 Be7 9. Ng5 0-0 10. f4 h6 11. Nge4 Bxe4 12. dxe4 exf4 13. Bxf4 Ne5 14. Qd2 a6 15. Rad1 Qc7 16. Qe3 Kh7 17. Bxe5 dxe5 18. Nd5 Nxd5 19. exd5 Qd6 20. Bd3+ g6 21. Rde1 Rxf1+ 22. Rxf1 Rf8 23. Rxf8 Bxf8 24. Qe4 Kg7 25. g3 Qf6 26. Kg2 Bd6 27. b3 h5 28. h3 Bc7 29. Bb1 Ba5 30. d6 Qxd6 31. Qxb7+ Kh6 32. Qe4 Bd2 33. Qd3 Qxd3 34. Bxd3 h4 35. g4 Kg5 36. Kf3 Bc3 37. Be4 Kf6 38. Bb7 g5 39. Bxa6 Ke6 40. Bb5 Kd6 41. a4 Bd2 42. Ke4 Bb4 43. Ba6 Ba5 44. Bb5 Be1 45. Ba6 Bc3 46. Bb5 Ke6 47. Ba6 Bb4 48. Bb5 Ba5 49. Ba6 1/2-1/2

[Event "Pan American-ch School U15 12th"]
[Site "Callao"]
[Date "2023.10.17"]
[Round "3"]
[White "Dipas Cipra, Adrian Alexis"]
[Black "Sanchez Soba, Omar Jose"]
[Result "1/2-1/2"]
[WhiteElo "1243"]
[BlackElo "1466"]
[PlyCount "60"]
[EventDate "2023.10.16"]
[EventType "swiss"]
[EventRounds "9"]
[EventCountry "PER"]
[SourceTitle "Mega2024 Update 01"]
[Source "Chessbase"]
[SourceDate "2023.11.12"]
[SourceVersion "1"]
[SourceVersionDate "2023.11.12"]
[SourceQuality "1"]

1. c4 d6 2. Nf3 Nf6 3. Nc3 c5 4. g3 g6 5. Bg2 Bg7 6. 0-0 0-0 7. d3 Nc6 8. a3 a5 9. Qc2 e5 10. Bg5 Be6 11. e3 h6 12. Bxf6 Qxf6 13. Nb5 Qe7 14. Nd2 f5 15. Rae1 Na7 16. Nc3 Rab8 17. Nd5 Bxd5 18. Bxd5+ Kh7 19. Qa4 Qc7 20. b4 b6 21. b5 Nc8 22. Qc2 Ne7 23. Bg2 Ng8 24. e4 f4 25. g4 Nf6 26. f3 Ne8 27. Nb1 Bf6 28. Nc3 Qd8 29. Re2 Nc7 30. Bh1 Bh4 1/2-1/2

[Event "Pan American-ch School U15 12th"]
[Site "Callao"]
[Date "2023.10.17"]
[Round "4"]
[White "Sanchez Soba, Omar Jose"]
[Black "Ricaldi Ramos, Jim Sebastian"]
[Result "1-0"]
[WhiteElo "1466"]
[BlackElo "1249"]
[PlyCount "48"]
[EventDate "2023.10.16"]
[EventType "swiss"]
[EventRounds "9"]
[EventCountry "PER"]
[SourceTitle "Mega2024 Update 01"]
[Source "Chessbase"]
[SourceDate "2023.11.12"]
[SourceVersion "1"]
[SourceVersionDate "2023.11.12"]
[SourceQuality "1"]

1. e4 d5 2. exd5 Nf6 3. Nf3 Bg4 4. Be2 Qxd5 5. Nc3 Qf5 6. d4 Nc6 7. h3 Bxf3 8. Bxf3 Qd7 9. Be3 0-0-0 10. Nb5 Kb8 11. c3 a6 12. Na3 e5 13. Nc2 Bd6 14. 0-0 e4 15. Be2 h5 16. b4 Ne7 17. Qd2 Qf5 18. c4 c5 19. bxc5 Bxc5 20. Qc3 Bd6 21. Rab1 Nc6 22. Qb2 Na5 23. c5 Bc7 24. Bxa6 Ka7 1-0

[Event "Pan American-ch School U15 12th"]
[Site "Callao"]
[Date "2023.10.16"]
[Round "1"]
[White "Patricio Torres, Leonardo Mijhael"]
[Black "Sanchez Soba, Omar Jose"]
[Result "0-1"]
[WhiteElo "1080"]
[BlackElo "1466"]
[PlyCount "99"]
[EventDate "2023.10.16"]
[EventType "swiss"]
[EventRounds "9"]
[EventCountry "PER"]
[SourceTitle "Mega2024 Update 01"]
[Source "Chessbase"]
[SourceDate "2023.11.12"]
[SourceVersion "1"]
[SourceVersionDate "2023.11.12"]
[SourceQuality "1"]

1. e4 c5 2. Nf3 d6 3. d4 cxd4 4. Nxd4 Nf6 5. Nc3 g6 6. Be3 Bg7 7. Qd2 Nc6 8. Bb5 Bd7 9. 0-0 0-0 10. Nxc6 bxc6 11. Bd3 Ng4 12. Bg5 f6 13. Bf4 Ne5 14. Bh6 Rb8 15. Bxg7 Kxg7 16. Rab1 Be6 17. b3 Qa5 18. f4 Nxd3 19. cxd3 f5 20. Qb2 Kg8 21. Ne2 fxe4 22. dxe4 Bc4 23. Qc2 Bb5 24. a4 Bxe2 25. Qxe2 Qc3 26. Kh1 Kh8 27. Qb2 Qxb2 28. Rxb2 Rb4 29. g3 Rxe4 30. Kg2 Kg7 31. Kf3 Rb4 32. Re1 c5 33. Re4 Rfb8 34. Rxb4 Rxb4 35. Ke3 Kf6 36. Kd3 a5 37. Kc3 d5 38. Re2 e6 39. Re5 c4 40. bxc4 Rxc4+ 41. Kb3 Rb4+ 42. Ka3 Re4 43. Rxe4 dxe4 44. Kb3 e5 45. fxe5+ Kxe5 46. Kc3 g5 47. Kc4 g4 48. Kc3 Kd5 49. Kc2 Kd4 50. Kd2 0-1